Kỹ thuật Robot /

保存先:
書誌詳細
第一著者: Đào Văn Hiệp, PGS.TS
フォーマット: 図書
言語:Vietnamese
出版事項: Khoa học và kỹ thuật 2006
タグ: タグ追加
タグなし, このレコードへの初めてのタグを付けませんか!
Thư viện lưu trữ: Mạng thư viện Đại học Đà Nẵng
LEADER 00632nam a2200265 4500
001 000027207
003 ĐA-HU
005 20150403120000.0
008 150403s vm 000 vie
020 |c 0,0000 
040 |a notts 
100 |a Đào Văn Hiệp, PGS.TS 
245 |a Kỹ thuật Robot /  |c Đào Văn Hiệp. 
260 |b Khoa học và kỹ thuật  |c 2006 
OWN |a LTT 
999 |a From the UDN01 
TYP |a Monograph 
TYP |a Printed language 
980 |a Mạng thư viện Đại học Đà Nẵng